Folklore TS - Statistiques

Statistiques générales
  • Ce quiz a été pris 11 fois
  • Le résultat moyen est 10 sur 17
Statistiques - réponses
Réponse % Correct
august
100%
exile
88%
cardigan
75%
betty
63%
illicit afffairs
63%
the lakes
63%
the last great american dinasty
63%
epiphany
50%
invisible string
50%
mad woman
50%
mirrorball
50%
my tears ricochet
50%
seven
50%
the 1
50%
this is me trying
38%
hoax
25%
peace
25%
Aucun quiz correspondant
Distribution des résultats
% des personnes avec chaque résultat
Percentile par nombre de réponses
Votre historique - résultats
Vous n’avez pas pris ce quiz